000 00313nam a22001337a 4500
008 170127b xxu||||| |||| 00| 0 eng d
020 _a9780130493798
041 _aeng
080 _26TH
_a61
100 _a3
101 _aSHM
245 _aCULTURAL DIVERSITY IN HEALTH AND ILLNESS
_cSPECTOR, R.E
942 _2udc
_cBK
999 _c3918
_d3918